Polyfunkčný bytový dom

Guardado en:
Detalles Bibliográficos
Autor principal: Hanuliaková, Júlia (Autor)
Otros Autores: Meziani, Yakoub (Orientador)
Formato: Manuscrito Libro
Lenguaje:eslovaco
Publicado: Bratislava 2018
Materias:
Acceso en línea:http://is.stuba.sk/zp/portal_zp.pl?podrobnosti=120288
Etiquetas: Agregar Etiqueta
Sin Etiquetas, Sea el primero en etiquetar este registro!

MARC

LEADER 00000ntm a22000003a 4500
001 stuzp69089
003 SK-STU
005 20210122111342.6
007 ta
008 150427s2015----xo-----f-mn---000-0-slo-d
040 |a STU  |b slo 
041 0 |a slo 
100 1 |a Hanuliaková, Júlia  |u 054140  |4 aut  |U FAD Fakulta architektúry  |T FA Ústav konštrukcií v architektúre a inžinierskych stavieb  |X 77224  |U A4140  |Y 395  |7 77224 
242 0 1 |a Polyfunctional Residential Building  |y eng 
245 1 0 |a Polyfunkčný bytový dom 
260 |c 2018  |a Bratislava 
650 4 |a bytový dom  |2 slo 
650 4 |a poloverejný priestor  |2 slo 
650 4 |a polyfunkcia  |2 slo 
650 4 |a verejný priestor  |2 slo 
650 4 |a súkromný priestor  |2 slo 
650 4 |a polyfunction  |2 eng 
650 4 |a flat house  |2 eng 
650 4 |a semi-public space  |2 eng 
650 4 |a public space  |2 eng 
650 4 |a private space  |2 eng 
700 1 |a Meziani, Yakoub  |u 054140  |k Z1  |4 ths  |U FAD Fakulta architektúry  |T FA Ústav konštrukcií v architektúre a inžinierskych stavieb  |X 5058  |U A4140  |Y 395  |7 A000005058 
856 4 |u http://is.stuba.sk/zp/portal_zp.pl?podrobnosti=120288  |u https://opac.crzp.sk/?fn=detailBiblioForm&sid=233ADDCA5EB56A100AEF3A31D49A